000 00587nab a2200181 a 4500
005 20210223131411.0
008 991125s1985 mx 000 0 spa u
035 _aUPN01000178267
100 1 _aFuentes Navarro, María Teresa
_939200
222 _aREVISTA MEXICANA DE PSICOLOGIA
245 _aLa orientación profesional para elegir fundamentadamente una ocupación : propuesta alternativa
300 _a237-246
362 0 _a2010 Vol. 27, no. 2, jun.
653 0 _aORIENTACION VOCACIONAL
653 0 _aELECCION DE CARRERA
653 0 _aPRACTICA PROFESIONAL
905 _aArticulo
999 _c150370
_d150370